000 01134nam a2200313 i 4500
003 EG-GICUC
005 20260406144441.0
008 260406s1970 ua ||||fr|||| 00| 0 ara d
040 _a EG-GICUC
_bara
_c EG-GICUC
_d EG-GICUC
_erda
041 0 _aara
082 0 4 _221
_a342.351
_b ش و . ث
092 0 4 _221
099 _aLaw1 08 342.351 ش و . ث 1970
100 0 _aشوقي عبد الناصر
_eمؤلف.
245 1 2 _aثورة عبد الناصر /
_cدكتور شوقي عبد الناصر
264 3 _aقبرص :
_bشركة الموقف العربي للطباعة و الصحافة و النشر،
_c1970.
300 _a718 صفحة ؛
_c24 سم
336 _2rda content
_atext
337 _2rda media
_aComputer
338 _2rda carrier
_aOnline Resource
504 _aيشتمل علي ارجاعات ببليوجرافية.
546 _aالنص باللغة العربية
650 1 4 _aالقانون الدستوري
_2qrmak
650 1 4 _aالحريات السياسية
651 1 _2qrmak
856 4 0 _uhttps://fll.law.cu.edu.eg/fulltext/bks/B08-03580.pdf
905 _a74
942 _2ddc
_n0
_cBK
_e21
999 _c69327
_d69327